00313nam a2200121Ia 4500008004100000041000800041082001400049100001900063245003600082260003300118300002900151365001100180240624s9999 xx 000 0 und d aeng a004.6 KRI aKRISHNA S JAYA aWEB SERVICES CONCEPTS AND CASES c2004aHyderabadbICFAI press ax, , 173 , 23 : p. : cm. cRSb50